00451nam a22001451 4500040000800000082002600008100002000034245012600054250001100180260002900191300003200220650001700252650001900269700001700288 cDLC a591 WIL 1951 A106 Or.1 aHesse, Richard,10aEcological animal geography.bAn authorized ed., rewritten and rev.; based on Tiergeographie auf oekologischer Grundlage, a2d ed. aNew York,bWileyc[1951] axiii, 715 p.billus.c24 cm 0aZoogeography 0aAnimal ecology1 aAllee, W. C.